Algeria multiple choice quiz - Statistics

General Stats
  • This quiz has been taken 21 times
  • The average score is 5 of 10
Answer Stats
Question Answer % Correct
What is Algeria's national animal Fennec fox
93%
Which country does Algeria not border Chad
87%
What endangered Sahara animal lives in Algeria Cheetah
80%
What is Algeria's capital Algiers know as The White
73%
Algeria endured a civil war from ____ to ____ 1992 to 2002
53%
What is Algeria's land area (Rounded to the nearest million) 2.3 million km2
40%
How many UNESCO sites are in Algeria 7
27%
How much of Algeria is uninhabited 90%
20%
What is Algeria's legal system a combination of Sahara and French
20%
What is Algeria's population (Rounded to the nearest million) 47.9 million
7%
No matching quizzes found
Score Distribution
Percent of People with Each Score
Percentile by Number Answered
Your Score History
You have not taken this quiz